000 01227nam a2200313 a 4500
001 000012193
005 20200929162734.0
008 091106s2006 dr a r 000 0 spa d
020 _a9789993459057
040 _aDO-SdBNP
_bspa
_cBNPHU
082 _a632.97293
_bS487m
100 1 _aSerra A., Colmar - Andreas
_928804
245 1 0 _aManejo integrado de plagas de cultivos:/ :
_bestado actual y perspectivas para la República Dominicana. /
_cColma - Andreas Serra A.
260 _aSanto Domingo :
_bCEDAF,
_c2006.
300 _a176 p. :
_bil. ;
_c28 cm.
490 1 _aProyecto ÁGORA
500 _aIncluye datos biográficos del autor
500 _aIncluye anexos
590 _aInventariado, 2018/BT
650 4 _aControl integrado de plagas
_928805
650 4 _aPlagas agrícolas
_zRepública Dominicana
_928754
650 4 _aCultivos
_xEnfermedades y plagas
_zRepública Dominicana
_928806
650 4 _aControl biológico de plagas
_928807
650 4 _aPolítica agraria
_zRepública Dominicana
_918966
650 4 _aInsectos útiles y perjudiciales
_928808
710 2 _aCentro para el Desarrollo Agropecuario y Forestal
_9519
830 0 _aProyecto ÁGORA
_914822
910 _aValidado. Control de calidad. MMOLINA
999 _c11858
_d11858